Countries That Produce the Most Eggs - Statistics

General Stats
  • This quiz has been taken 52 times
  • The average score is 9 of 10
Answer Stats
Eggs(Billions) Country % Correct
583.96 China
100%
119.48 India
100%
109.51 United States
100%
58.64 Brazil
96%
43.28 Japan
89%
58.53 Mexico
89%
45.72 Russia
89%
132.04 Indonesia
80%
22.51 Pakistan
80%
19.81 Turkey
74%
No matching quizzes found
Score Distribution
Percent of People with Each Score
Percentile by Number Answered
Your Score History
You have not taken this quiz